UBT Library

Women politicians and the media / (Record no. 43783)

000 -LEADER
fixed length control field 00819cam a2200253 a 4500
001 - CONTROL NUMBER
control field 4927279
005 - DATE AND TIME OF LATEST TRANSACTION
control field 20180301041422.0
008 - FIXED-LENGTH DATA ELEMENTS--GENERAL INFORMATION
fixed length control field 951113s1996 kyua b s001 0 eng
010 ## - LIBRARY OF CONGRESS CONTROL NUMBER
LC control number 95047152
020 ## - INTERNATIONAL STANDARD BOOK NUMBER
International Standard Book Number 0813119707 (cloth : acidfree recycled paper)
020 ## - INTERNATIONAL STANDARD BOOK NUMBER
International Standard Book Number 0813108691 (paperback : acidfree recycled paper)
040 ## - CATALOGING SOURCE
Original cataloging agency DLC
Transcribing agency DLC
Modifying agency DLC
041 ## - LANGUAGE CODE
Language code of text/sound track or separate title eng
043 ## - GEOGRAPHIC AREA CODE
Geographic area code n-us---
080 ## - UNIVERSAL DECIMAL CLASSIFICATION NUMBER
Universal Decimal Classification number 320.082 BRA
082 00 - DEWEY DECIMAL CLASSIFICATION NUMBER
Classification number 320.082 BRA
Edition number 20
100 1# - Rafti
Rafti 20
101 ## - Shkurtesa
Shkurtesa POL
245 10 - TITLE STATEMENT
Title Women politicians and the media /
Statement of responsibility, etc Maria Braden.
504 ## - BIBLIOGRAPHY, ETC. NOTE
Bibliography, etc Includes bibliographical references (p. 219-224) and index.
906 ## - LOCAL DATA ELEMENT F, LDF (RLIN)
a 7
b cbc
c orignew
d 1
e ocip
f 19
g y-gencatlg
942 ## - ADDED ENTRY ELEMENTS (KOHA)
Source of classification or shelving scheme
Item type Books
Holdings
Withdrawn status Lost status Source of classification or shelving scheme Damaged status Not for loan Collection code Permanent location Current location Shelving location Date acquired Total Checkouts Full call number Barcode Date last seen Price effective from Koha item type
          Koleksioni i përgjithshem UBT - Lipjan UBT - Lipjan Koleksioni i përgjithshem 03/01/2018   320.082 BRA 002-3000426 03/01/2018 03/01/2018 Books
UBT Library © 2015-2024. All rights reserved University Education for Business and Technology